00285nam a2200121Ia 4500008004100000041000800041082001600049100001800065245002400083260003500107300001400142365000700156240624s9999 xx 000 0 und d aeng a005.133 HAI aHAINES STEVEN aJAVA 2 FROM SCRATCH c2001aNew DelhibPrentice-Hall axi, : 680 cRS